000
nam a22 7a 4500
999
_c
51639
_d
51639
003
OSt
005
20220412151629.0
008
220412b xxu||||| |||| 00| 0 eng d
040
_c
SEROSOFT
100
_a
BARE ACT
245
_a
INTELLECTUAL PROPERTY LAWS
260
_a
COMMERCIAL LAW PUB
300
_a
326
942
_2
ddc
_c
01